书目信息 |
| 题名: |
时——空论稿
|
|
| 作者: | 王鹏令 著 | |
| 分册: | ||
| 出版信息: | 北京 人民出版社 1985 |
|
| 页数: | 194页 | |
| 开本: | 19cm | |
| 丛书名: | ||
| 单 册: | ||
| 中图分类: | B021.3 | |
| 科图分类: | ||
| 主题词: | 辩证唯物主义--时空观 | |
| 电子资源: | ||
| ISBN: | ||
| 000 | 00608nam0 2200229 45 | |
| 001 | 0185000832 | |
| 005 | 20070801142603.96 | |
| 010 | @dCNY1.10 | |
| 091 | @a2001.271 | |
| 100 | @a19900921d1985 kemy0chiy0121 ea | |
| 101 | 0 | @achi |
| 102 | @aCN@b110000 | |
| 105 | @ay z 000yy | |
| 200 | 10 | @a时——空论稿@AShi——Kong Lun Gao@f王鹏令著@FWang Peng Ling Zhu |
| 210 | @a北京@c人民出版社@d1985 | |
| 215 | @a194页@d19cm | |
| 606 | @a辩证唯物主义@x时空观 | |
| 690 | @aB021.3@v3 | |
| 701 | 0 | @a王鹏令@4著 |
| 801 | 2 | @aCN@bNLC@c20070801 |
| 801 | 0 | @aCN@b深圳图书馆@c20040508 |
| 905 | @dB021.3@e35@f1@b155971 | |
| 时——空论稿/王鹏令著.-北京:人民出版社,1985 |
| 194页;19cm |
| ISBN :CNY1.10 |
| ● |
| 相关链接 |
|
|
|
|
正题名:时——空论稿
索取号:B021.3/35
 
预约/预借
| 序号 | 登录号 | 条形码 | 馆藏地/架位号 | 状态 | 备注 |
| 1 | 0155967 | 001114742 | 密集书库/ [索取号:B021.3/35] | 在馆 | |
| 2 | 0155969 | 001114751 | 密集书库/ [索取号:B021.3/35] | 在馆 | |
| 3 | 0155970 | 001114760 | 密集书库/ [索取号:B021.3/35] | 在馆 | |
| 4 | 0155971 | 002048028 | 第一样本阅览室/ [索取号:B021.3/35] | 在馆 | |
| 5 | 0790391 | 207903919 | 密集书库/ [索取号:B021.3/35] | 在馆 |